Sanat - "Sydämeni vaeltaa" - Suvi Teräsniska - Statistics

Yleistilastot
  • Tätä visaa on pelattu 3 kertaa
  • Keskiarvotulos 37 / 83
Vastaustilastot
Vastaus % Oikein
en
100%
ja
100%
ja
100%
ja
100%
koskaan
100%
kun
100%
kun
100%
kun
100%
niin
100%
on
100%
on
100%
se
100%
sen
100%
sen
100%
sun
100%
sydämeni
100%
sydämeni
100%
taas
100%
taas
100%
anna
50%
annan
50%
et
50%
et
50%
heikoinkin
50%
jouluyön
50%
kaipaus
50%
kantaa
50%
Käy
50%
lähde
50%
lahjan
50%
lapsen
50%
lehdil
50%
luo
50%
maailmalta
50%
mun
50%
Näin
50%
nuo
50%
Oi
50%
paikallansa
50%
palmun
50%
peitän
50%
pois
50%
sielun
50%
sulle
50%
suurin
50%
sydämeen
50%
täällä
50%
täällä
50%
tän
50%
tänne
50%
tänne
50%
toivo
50%
turva
50%
vaik
50%
vois
50%
aukaisen
0%
elämäni
0%
ihmisen
0%
kehdon
0%
kehto
0%
kuiskaan
0%
lapsi
0%
luokses
0%
luona
0%
maan
0%
matka
0%
mielen
0%
muut
0%
muuta
0%
nyt
0%
onnen
0%
pien
0%
riemuiten
0%
saanhan
0%
sallithan
0%
sielulleni
0%
suo
0%
syntyi
0%
täydellisen
0%
tehdä
0%
tuoda
0%
varmimmin
0%
vuokses
0%
Ehtoja vastaavia visoja ei löytynyt
Tulosjakauma
Jokaisen tuloksen saaneiden osuus
Persentiili vastausten määrän mukaan
Tuloshistoriasi
Et ole pelannut tätä visaa